| 000 | 00448cam a2200181ua 4500 | ||
|---|---|---|---|
| 001 | 13514 | ||
| 008 | 141204n2000 II |||gr||||Z||||||eng | ||
| 040 | _aMAIN | ||
| 041 | _aEnglish | ||
| 082 | _a025 MUD | ||
| 100 | _aMUDHOL, MAHESH V. | ||
| 245 | _aSOFTWARE PACKAGES FOR LIBRARY AUTOMATION | ||
| 260 |
_aNEW DELHI _bESS ESS PUBLICATION _c2000 |
||
| 300 |
_a189: _c15CM. |
||
| 653 | _aLibrary operations | ||
| 700 | _aVASANTHA, N. | ||
| 942 | _cBK | ||
| 999 |
_c13401 _d13401 |
||